Podstawowa wiedza historyczna! - Statystyki

Ogólne statystyki
  • Ten quiz został rozwiązany 4 658 razy
    4 522 od ostatniego zresetowania
  • Średni wynik to 9 z 15
Statystyki odpowiedzi
Zadanie Odpowiedź % Poprawnych
Kancelarz i przywódca III Rzeszy Adolf Hitler
97%
Rozwiń skrót ZSRR Związek Socjalistycznych Republik Radzieckich
87%
Przywódca ZSRR podczas II Wojny Światowej Józef Stalin
86%
Rok śmierci Adolfa Hitlera 1945
77%
Upadek PRL 1989
75%
Katastrofa pod Smoleńskiem ( rok ) 2010
73%
Atak na Pearl Harbor ( rok ) 1941
72%
Miasto w którym znajdował się największy obóz zagłady Oświęcim
71%
Rok ataku III Rzeszy na Anglię ( Wielką Brytanie ) 1940
70%
Największy obóz zagłady Auschwitz-Birkenau
56%
Państwa walczące przeciwko państwom Osi podczas II wojny światowej Alianci
46%
Wybuch II Wojny Światowej ( dzień i rok ) 1.09.1939
45%
4 Sekretarz KC PZPR Edward Gierek
29%
Zdrajca Sowiecki Wojciech Jaruzelski
20%
Zakończenie II Wojny Światowej ( dzień i rok ) 2.09.1945
9%
Nie znaleziono quizów pasujących do podanych kryteriów
Rozkład punktacji
Procent ludzi z każdym wynikiem
Percentyl według liczby udzielonych odpowiedzi
Twoja historia wyników
Nie rozwiązałeś tego quizu od ostatniego zresetowania